[Event "NRW Class1 1819"]
[Site "Germany"]
[Date "2018.09.16"]
[Round "1.6"]
[White "Gruermann, Martin"]
[Black "Donner, Bernd"]
[Result "0-1"]
[WhiteElo "2208"]
[BlackElo "2135"]
[PlyCount "66"]
[EventDate "2018.09.16"]
[EventType "team-tourn"]
[EventRounds "9"]
[EventCountry "GER"]
[SourceTitle "EXT 2022"]
[Source "ChessBase"]
[SourceDate "2021.10.06"]
[SourceVersion "1"]
[SourceVersionDate "2021.10.06"]
[SourceQuality "1"]
[WhiteTeam "Letmathe"]
[BlackTeam "Weidenau/Geisweid"]
[WhiteTeamCountry "GER"]
[BlackTeamCountry "GER"]

1. e4 d6 2. d4 Nd7 3. Nf3 g6 4. c4 Bg7 5. Nc3 e5 6. Be2 exd4 7. Nxd4 Ngf6 8. Be3 0-0 9. Qd2 Re8 10. f3 Nb6 11. 0-0-0 c6 12. g4 d5 13. g5 Nfd7 14. cxd5 cxd5 15. h4 Ne5 16. Bf2 Bd7 17. Kb1 Rc8 18. exd5 Nec4 19. Bxc4 Nxc4 20. Qc2 Qa5 21. Qb3 a6 22. Ka1 b5 23. Nc6 Bxc6 24. dxc6 Nxb2 25. Bd4 Nxd1 26. Bxg7 Kxg7 27. Rxd1 Rxc6 28. Ne4 Qc7 29. Rd7 Qxd7 30. Qb2+ Kg8 31. Nf6+ Rxf6 32. gxf6 Re1+ 33. Qb1 Qd4# 0-1

[Event "NRW Class2 1718"]
[Site "Germany"]
[Date "2018.01.28"]
[Round "5.4"]
[White "Gruermann, Martin"]
[Black "Schimnatkowski, Lukas"]
[Result "1-0"]
[WhiteElo "2201"]
[BlackElo "2031"]
[PlyCount "65"]
[EventDate "2017.09.17"]
[EventType "team-tourn"]
[EventRounds "9"]
[EventCountry "GER"]
[SourceTitle "EXT 2019"]
[Source "ChessBase"]
[SourceDate "2018.10.10"]
[SourceVersion "1"]
[SourceVersionDate "2018.10.10"]
[SourceQuality "1"]
[WhiteTeam "Letmathe"]
[BlackTeam "Essen Katernberg  II"]
[WhiteTeamCountry "GER"]
[BlackTeamCountry "GER"]

1. e4 c5 2. Nf3 d6 3. d4 cxd4 4. Qxd4 a6 5. Be2 Nc6 6. Qe3 Nf6 7. h3 g6 8. 0-0 Qc7 9. Bd2 Bg7 10. c4 0-0 11. Nc3 e6 12. Rac1 Rd8 13. Rfd1 Bd7 14. Qf4 Ne5 15. Qh4 Nxf3+ 16. Bxf3 Ne8 17. b3 Qc5 18. e5 Bc6 19. Nd5 exd5 20. cxd5 Bxd5 21. Rxc5 Bxf3 22. Bg5 Bxd1 23. Bxd8 dxc5 24. Qe7 h6 25. Qxe8+ Kh7 26. Qd7 Bc2 27. Bf6 Rf8 28. Qxb7 Bd3 29. Bxg7 Kxg7 30. e6 Kg8 31. e7 Re8 32. a4 Bf5 33. Qd5 1-0

[Event "NRW Class2 1718"]
[Site "Germany"]
[Date "2017.09.17"]
[Round "1.4"]
[White "Kilian, Ralf"]
[Black "Gruermann, Martin"]
[Result "1/2-1/2"]
[WhiteElo "2126"]
[BlackElo "2201"]
[PlyCount "49"]
[EventDate "2017.09.17"]
[EventType "team-tourn"]
[EventRounds "9"]
[EventCountry "GER"]
[SourceTitle "EXT 2019"]
[Source "ChessBase"]
[SourceDate "2018.10.10"]
[SourceVersion "1"]
[SourceVersionDate "2018.10.10"]
[SourceQuality "1"]
[WhiteTeam "Kamen"]
[BlackTeam "Letmathe"]
[WhiteTeamCountry "GER"]
[BlackTeamCountry "GER"]

1. e4 c5 2. Nf3 Nf6 3. d3 Nc6 4. g3 g6 5. Bg2 Bg7 6. 0-0 d5 7. Nbd2 0-0 8. Re1 Qc7 9. c3 Rd8 10. Qc2 b6 11. a4 dxe4 12. dxe4 Ng4 13. Nc4 Ba6 14. Bf1 Qc8 15. Bf4 e5 16. Bg5 f6 17. Bd2 Qe6 18. b3 Nh6 19. Ne3 Bxf1 20. Rxf1 Nf7 21. Rad1 Nd6 22. Bc1 Rac8 23. Rfe1 Rd7 24. Nd5 Rcd8 25. c4 1/2-1/2

[Event "NRW Class2 1617"]
[Site "Germany"]
[Date "2017.02.12"]
[Round "6.5"]
[White "Stricker, Florian"]
[Black "Gruermann, Martin"]
[Result "0-1"]
[WhiteElo "2098"]
[BlackElo "2191"]
[PlyCount "86"]
[EventDate "2016.09.25"]
[EventType "team-tourn"]
[EventRounds "9"]
[EventCountry "GER"]
[SourceTitle "EXT 2023"]
[Source "ChessBase"]
[SourceDate "2022.10.05"]
[SourceVersion "1"]
[SourceVersionDate "2022.10.05"]
[SourceQuality "1"]
[WhiteTeam "Bochum SG II"]
[BlackTeam "Letmathe"]
[WhiteTeamCountry "GER"]
[BlackTeamCountry "GER"]

1. d4 d5 2. c4 Nc6 3. Nf3 Bg4 4. Bf4 e6 5. e3 Bd6 6. Bxd6 Qxd6 7. c5 Qd8 8. Qa4 Bxf3 9. gxf3 Nge7 10. Nd2 0-0 11. f4 f6 12. Bh3 e5 13. Be6+ Kh8 14. f5 Qe8 15. 0-0-0 Qh5 16. Nf1 Qf3 17. Nd2 Qxf2 18. Rde1 Qh4 19. Rhf1 b5 20. cxb6 axb6 21. Qb3 exd4 22. Nf3 Qh6 23. Kb1 dxe3 24. Qxe3 Qxe3 25. Rxe3 Ra4 26. Bd7 Rf4 27. Rc1 d4 28. Nxd4 Rxd4 29. Bxc6 Nxf5 30. Re2 Rfd8 31. b3 R4d6 32. Rce1 g6 33. Bb7 Kg7 34. a4 c5 35. Rc1 Rd3 36. Rb2 Rd1 37. Rxd1 Rxd1+ 38. Kc2 Ne3+ 39. Kc3 Rd7 40. Bf3 Nd1+ 41. Bxd1 Rxd1 42. Kc4 Rd4+ 43. Kb5 Rb4+ 0-1

[Event "NRW Class1 1415"]
[Site "Germany"]
[Date "2015.03.22"]
[Round "8.5"]
[White "Georg, Heinz"]
[Black "Gruermann, Martin"]
[Result "1/2-1/2"]
[WhiteElo "2160"]
[BlackElo "2090"]
[PlyCount "94"]
[EventDate "2014.09.14"]
[EventType "team-tourn"]
[EventRounds "9"]
[EventCountry "GER"]
[SourceTitle "EXT 2017"]
[Source "ChessBase"]
[SourceDate "2016.10.25"]
[SourceVersion "1"]
[SourceVersionDate "2016.10.25"]
[SourceQuality "1"]
[WhiteTeam "Kamen"]
[BlackTeam "Letmathe"]
[WhiteTeamCountry "GER"]
[BlackTeamCountry "GER"]

1. e4 c5 2. Nf3 Nf6 3. e5 Nd5 4. Nc3 Nxc3 5. dxc3 Nc6 6. Bc4 e6 7. 0-0 h6 8. Qe2 Qc7 9. Bf4 b6 10. Rfd1 Bb7 11. Rd2 Be7 12. Rad1 0-0-0 13. Bg3 g5 14. h3 h5 15. Ba6 Nb8 16. Bxb7+ Qxb7 17. b4 g4 18. hxg4 hxg4 19. Nh2 cxb4 20. cxb4 Bxb4 21. Qc4+ Bc5 22. Nxg4 Rh5 23. Nf6 Rh6 24. Ne4 Qc6 25. Kf1 Be7 26. Qxc6+ Nxc6 27. Ke2 Rh5 28. f4 Na5 29. Rd4 Nb7 30. Bf2 Kc7 31. Kf3 d5 32. exd6+ Nxd6 33. Nxd6 Rxd6 34. a4 Rxd4 35. Bxd4 Rd5 36. Rd3 Kc6 37. Rc3+ Bc5 38. Be3 b5 39. axb5+ Kxb5 40. Rb3+ Kc6 41. Rb8 Bxe3 42. Kxe3 f5 43. c4 Rd6 44. Rb5 Rd1 45. Ra5 Kb6 46. Rb5+ Kc6 47. Ra5 Kb6 1/2-1/2

[Event "NRW Class1 1213"]
[Site "Germany"]
[Date "2012.12.16"]
[Round "4.4"]
[White "Gruermann, Martin"]
[Black "Jonkman, Harmen"]
[Result "0-1"]
[WhiteElo "2144"]
[BlackElo "2421"]
[PlyCount "86"]
[EventDate "2012.09.16"]
[EventType "team-tourn"]
[EventRounds "9"]
[EventCountry "GER"]
[SourceTitle "EXT 2017"]
[Source "ChessBase"]
[SourceDate "2016.10.25"]
[SourceVersion "1"]
[SourceVersionDate "2016.10.25"]
[SourceQuality "1"]
[WhiteTeam "Letmathe"]
[BlackTeam "Hattingen"]
[WhiteTeamCountry "GER"]
[BlackTeamCountry "GER"]

1. d4 d5 2. Nc3 Bf5 3. f3 e6 4. e4 Bg6 5. Bd3 Bb4 6. Nge2 Ne7 7. 0-0 0-0 8. Be3 Nd7 9. Na4 c6 10. a3 Bd6 11. b4 e5 12. c4 dxc4 13. Bc2 b5 14. Nac3 a5 15. f4 f6 16. dxe5 Bc7 17. e6 Bb6 18. Qc1 axb4 19. Rd1 Ra7 20. exd7 bxc3 21. Nxc3 Bh5 22. Rd6 Rxd7 23. Rxd7 Bxe3+ 24. Qxe3 Qxd7 25. Bd1 Bg6 26. Be2 Ra8 27. Rd1 Qa7 28. Rd8+ Kf7 29. Qxa7 Rxa7 30. f5 Rxa3 31. fxg6+ Nxg6 32. Nb1 Ra1 33. Rd1 Ne5 34. Nd2 Ra2 35. Bf3 Rb2 36. Nf1 c3 37. Rc1 b4 38. Ne3 Nd3 39. Rc2 Rxc2 40. Nxc2 b3 41. Bd1 bxc2 42. Bxc2 Nb4 43. Bb3+ Ke7 0-1

[Event "NRW Class2 1112"]
[Site "Germany"]
[Date "2011.11.13"]
[Round "3.4"]
[White "Villwock, Martin"]
[Black "Gruermann, Martin"]
[Result "1-0"]
[WhiteElo "2148"]
[BlackElo "2148"]
[PlyCount "79"]
[EventDate "2011.09.18"]
[EventType "team-tourn"]
[EventRounds "9"]
[EventCountry "GER"]
[SourceTitle "EXT 2015"]
[Source "ChessBase"]
[SourceDate "2014.11.20"]
[SourceVersion "1"]
[SourceVersionDate "2014.11.20"]
[SourceQuality "1"]
[WhiteTeam "Katernberg II"]
[BlackTeam "Letmathe"]
[WhiteTeamCountry "GER"]
[BlackTeamCountry "GER"]

1. e4 e6 2. d4 d5 3. e5 c5 4. c3 Nc6 5. Nf3 Qb6 6. a3 Bd7 7. b4 cxd4 8. cxd4 Rc8 9. Bb2 Na5 10. Nbd2 Nh6 11. Rc1 Rxc1 12. Qxc1 Nc6 13. Nb3 Be7 14. Bd3 Nf5 15. 0-0 0-0 16. Nc5 Bc8 17. Re1 Nh4 18. Nxh4 Bxh4 19. Qc2 g6 20. g3 Be7 21. h4 Kg7 22. b5 Nb8 23. Bc1 Nd7 24. Nb3 f6 25. Bd2 Qd8 26. Qc1 Kg8 27. h5 fxe5 28. dxe5 gxh5 29. Bh6 Rf7 30. Qd1 Nc5 31. Nxc5 Bxc5 32. Re2 h4 33. Rc2 Bf8 34. Qg4+ Kh8 35. Bg5 Be7 36. Qh5 Rg7 37. Bf6 Bxf6 38. exf6 Rc7 39. Rxc7 Qxc7 40. Qe8# 1-0

[Event "NRW Class1 1011"]
[Site "Germany"]
[Date "2010.09.26"]
[Round "1.6"]
[White "Gruermann, Martin"]
[Black "Heinichen, Nils"]
[Result "1-0"]
[WhiteElo "2104"]
[BlackElo "2042"]
[PlyCount "105"]
[EventDate "2010.09.26"]
[EventType "team-tourn"]
[EventRounds "9"]
[EventCountry "GER"]
[SourceTitle "EXT 2012"]
[Source "ChessBase"]
[SourceDate "2011.11.24"]
[SourceVersion "1"]
[SourceVersionDate "2011.11.24"]
[SourceQuality "1"]
[WhiteTeam "Letmathe"]
[BlackTeam "Wuerselen"]
[WhiteTeamCountry "GER"]
[BlackTeamCountry "GER"]

1. e4 c5 2. Nf3 Nc6 3. Bb5 g6 4. 0-0 Bg7 5. Re1 e5 6. c3 Nge7 7. d4 cxd4 8. cxd4 exd4 9. e5 0-0 10. Bg5 Qa5 11. Na3 a6 12. Bxc6 Nxc6 13. Nc4 Qb4 14. Rc1 d5 15. exd6 Be6 16. a3 Qb5 17. a4 Qc5 18. Ncd2 Qxd6 19. Ne4 Qb4 20. Nc5 Bg4 21. h3 Bxf3 22. Qxf3 Rfe8 23. Re4 Ne5 24. Qd1 Rac8 25. Bd2 Qb6 26. b4 Nc6 27. Qb3 Rxe4 28. Nxe4 Re8 29. Nd6 Re6 30. Nc4 Qd8 31. b5 Ne7 32. Na5 Re2 33. Qd3 Re6 34. Nxb7 Qd5 35. Nc5 Rf6 36. Nxa6 h6 37. Nb4 Qh5 38. Qxd4 Re6 39. Qg4 Qe5 40. Re1 Qd6 41. Rxe6 fxe6 42. Qf4 e5 43. Qe3 Nf5 44. Qb3+ Kh7 45. Qd5 Qe7 46. b6 e4 47. b7 e3 48. fxe3 Nxe3 49. Qd3 Qc5 50. Qxe3 Bd4 51. b8Q Bxe3+ 52. Bxe3 Qxe3+ 53. Kh2 1-0

[Event "NRW Class1 0910"]
[Site "Germany"]
[Date "2009.12.21"]
[Round "4.5"]
[White "Rieke, Theo"]
[Black "Gruermann, Martin"]
[Result "1/2-1/2"]
[WhiteElo "2165"]
[BlackElo "2089"]
[PlyCount "34"]
[EventDate "2009.09.20"]
[EventType "team-tourn"]
[EventRounds "9"]
[EventCountry "GER"]
[SourceTitle "EXT 2011"]
[Source "ChessBase"]
[SourceDate "2010.11.26"]
[SourceVersion "1"]
[SourceVersionDate "2010.11.26"]
[SourceQuality "1"]
[WhiteTeam "Neuenkirchen"]
[BlackTeam "Letmathe"]
[WhiteTeamCountry "GER"]
[BlackTeamCountry "GER"]

1. Nf3 c5 2. c4 g6 3. Nc3 Bg7 4. e3 Nf6 5. d4 cxd4 6. exd4 d5 7. Be2 0-0 8. 0-0 Nc6 9. Bf4 Bf5 10. Ne5 dxc4 11. Nxc6 bxc6 12. Bxc4 Nd5 13. Be5 Nxc3 14. bxc3 Bxe5 15. dxe5 Qxd1 16. Raxd1 Rfd8 17. Bb3 c5 1/2-1/2

[Event "NRW Class1 0809"]
[Site "Germany"]
[Date "2009.03.22"]
[Round "8.5"]
[White "Gruermann, Martin"]
[Black "Verfuerth, Thomas"]
[Result "1/2-1/2"]
[WhiteElo "2113"]
[BlackElo "2193"]
[PlyCount "30"]
[EventDate "2008.09.21"]
[EventType "team-tourn"]
[EventRounds "9"]
[EventCountry "GER"]
[SourceTitle "EXT 2010"]
[Source "ChessBase"]
[SourceDate "2010.11.25"]
[SourceVersion "1"]
[SourceVersionDate "2010.11.25"]
[SourceQuality "1"]
[WhiteTeam "Letmathe"]
[BlackTeam "Kleve Turm"]
[WhiteTeamCountry "GER"]
[BlackTeamCountry "GER"]

1. c4 c5 2. Nf3 Nc6 3. Nc3 g6 4. g3 Bg7 5. Bg2 e5 6. 0-0 d6 7. a3 Rb8 8. Rb1 a6 9. d3 Nge7 10. b4 cxb4 11. axb4 b5 12. Nd5 0-0 13. Bd2 bxc4 14. Nxe7+ Qxe7 15. dxc4 Bf5 1/2-1/2